00367nam a2200145Ia 4500008004100000020001500041041001200056082001600068100001600084245005000100260003400150300000800184650001600192700001300208221030s9999 xx 000 0 und d a8175152575 aEnglish a105.23bHor aE. Horowitz 0aComputer alogrithmscby E. Horowitz, S. Sahni bGalgotia PubaNew Delhic1999 a769 aBE Computer aS. Sahni